<?xml version="1.0" encoding="UTF-8"?><?xml-stylesheet type="text/xsl" href="static/style.xsl"?><OAI-PMH xmlns="http://www.openarchives.org/OAI/2.0/" xmlns:xsi="http://www.w3.org/2001/XMLSchema-instance" xsi:schemaLocation="http://www.openarchives.org/OAI/2.0/ http://www.openarchives.org/OAI/2.0/OAI-PMH.xsd"><responseDate>2026-04-14T04:34:00Z</responseDate><request verb="GetRecord" identifier="oai:www.recercat.cat:2445/173229" metadataPrefix="marc">https://recercat.cat/oai/request</request><GetRecord><record><header><identifier>oai:recercat.cat:2445/173229</identifier><datestamp>2025-12-05T12:34:40Z</datestamp><setSpec>com_2072_1057</setSpec><setSpec>col_2072_478916</setSpec><setSpec>col_2072_478917</setSpec></header><metadata><record xmlns="http://www.loc.gov/MARC21/slim" xmlns:dcterms="http://purl.org/dc/terms/" xmlns:xsi="http://www.w3.org/2001/XMLSchema-instance" xmlns:doc="http://www.lyncode.com/xoai" xsi:schemaLocation="http://www.loc.gov/MARC21/slim http://www.loc.gov/standards/marcxml/schema/MARC21slim.xsd">
   <leader>00925njm 22002777a 4500</leader>
   <datafield ind2=" " ind1=" " tag="042">
      <subfield code="a">dc</subfield>
   </datafield>
   <datafield ind2=" " ind1=" " tag="720">
      <subfield code="a">Holck Storås, Anne</subfield>
      <subfield code="e">author</subfield>
   </datafield>
   <datafield ind2=" " ind1=" " tag="720">
      <subfield code="a">Sanda, Martin G.</subfield>
      <subfield code="e">author</subfield>
   </datafield>
   <datafield ind2=" " ind1=" " tag="720">
      <subfield code="a">Garín, Olatz</subfield>
      <subfield code="e">author</subfield>
   </datafield>
   <datafield ind2=" " ind1=" " tag="720">
      <subfield code="a">Chang, Peter</subfield>
      <subfield code="e">author</subfield>
   </datafield>
   <datafield ind2=" " ind1=" " tag="720">
      <subfield code="a">Patil, Dattatraya</subfield>
      <subfield code="e">author</subfield>
   </datafield>
   <datafield ind2=" " ind1=" " tag="720">
      <subfield code="a">Crociani, Catrina M.</subfield>
      <subfield code="e">author</subfield>
   </datafield>
   <datafield ind2=" " ind1=" " tag="720">
      <subfield code="a">Suárez-Novo, José Francisco</subfield>
      <subfield code="e">author</subfield>
   </datafield>
   <datafield ind2=" " ind1=" " tag="720">
      <subfield code="a">Cvancarova, Milada</subfield>
      <subfield code="e">author</subfield>
   </datafield>
   <datafield ind2=" " ind1=" " tag="720">
      <subfield code="a">Håvard Loge, Jon</subfield>
      <subfield code="e">author</subfield>
   </datafield>
   <datafield ind2=" " ind1=" " tag="720">
      <subfield code="a">Fossa, Sophie D.</subfield>
      <subfield code="e">author</subfield>
   </datafield>
   <datafield ind2=" " ind1=" " tag="260">
      <subfield code="c">2021-01-19T18:17:13Z</subfield>
   </datafield>
   <datafield ind2=" " ind1=" " tag="260">
      <subfield code="c">2021-01-19T18:17:13Z</subfield>
   </datafield>
   <datafield ind2=" " ind1=" " tag="260">
      <subfield code="c">2020-04-01</subfield>
   </datafield>
   <datafield ind2=" " ind1=" " tag="260">
      <subfield code="c">2020-12-21T13:11:52Z</subfield>
   </datafield>
   <datafield ind2=" " ind1=" " tag="520">
      <subfield code="a">Objective: To compare pre- and post-radical prostatectomy (RP) responses in the urinary incontinence domain of Expanded Prostate Cancer Index Composite-26 (EPIC-26) in cohorts from the USA, Norway and Spain. Methods: A prospective study of pre- and 1-year post-treatment responses in American (n=537), Norwegian (n=520) and Spanish (n=111) patients, establishing the prevalence of urinary incontinence defined according to published dichotomization. Thereafter we focused on the response alternatives "occasional dribbling", pad use and problem experience. A multivariate logistic regression analysis (significance level &lt;= 0.01) considered risk factors for "not retaining total control". Results: Compared to the European men, the American patients were younger, healthier and more presented with lower risk tumors. Before RP no inter-country differences emerged the prevalence of urinary incontinence (6%). One-year post-treatment urinary incontinence was described by 30% of the American and 41% of the European patients, occasional dribbling being the most frequent type of urinary leakage. In the multivariate analysis the risk of "not retaining total control" increased almost 3-fold in European compared to American patients, with age and co-morbidity being additional independent risk factor. Conclusion: After RP patients from Spain and Norway reported more unfavorable outcomes by EPIC-26 than the American patients to most of the urinary incontinence items, the difference between the European and American patients remaining in the multivariate analysis. The most frequent post-RP response alternative "occasional dribbling" needs to be validated with pad weighing as "gold standard". (C) 2020 Editorial Office of Asian Journal of Urology. Production and hosting by Elsevier B.V.</subfield>
   </datafield>
   <datafield tag="653" ind2=" " ind1=" ">
      <subfield code="a">Càncer de pròstata</subfield>
   </datafield>
   <datafield tag="653" ind2=" " ind1=" ">
      <subfield code="a">Incontinència urinària</subfield>
   </datafield>
   <datafield tag="653" ind2=" " ind1=" ">
      <subfield code="a">Prostate cancer</subfield>
   </datafield>
   <datafield tag="653" ind2=" " ind1=" ">
      <subfield code="a">Urinary incontinence</subfield>
   </datafield>
   <datafield ind2="0" ind1="0" tag="245">
      <subfield code="a">A prospective study of patient reported urinary incontinence among American, Norwegian and Spanish men 1 year after prostatectomy</subfield>
   </datafield>
</record></metadata></record></GetRecord></OAI-PMH>